• 首页
  • 本馆介绍
  • 公告通知
  • 最新文献
  • 馆藏检索
  • 电子资源
  • 读者导购
  • 参考咨询
  • 我的图书馆
  • 登录
  • 详细信息显示
  • 放入我的书架
  • 预约/预借图书
  • 作者相关作品
  • 分类相关作品
  • 丛书相关作品
  • 出版社相关作品

书目信息

  • 表格格式
  • 工作单格式
  • 卡片格式
题名:
中国青少年排球教学训练大纲
    
 
作者: ;中国排球协会 编
分册:  
出版信息: 北京   人民体育出版社  2004
页数: 140页
开本: 20cm
丛书名:
单 册:
中图分类: G842.2
科图分类:
主题词: 青少年--排球运动--运动训练--教学大纲--中国
电子资源:
ISBN: 7-5009-2590-5
000 00819nam0 2200217 45
001 002675535
005 20050106090048.6
010    @a7-5009-2590-5@dCNY12.00
100    @a20040624d2004 em y0chiy0110 ea
101 0  @achi
102    @aCN@b110000
105    @ay z 000yy
200 1  @a中国青少年排球教学训练大纲@Azhong guo qing shao nian pai qiu jiao xue xun lian da gang@f中国排球协会编@FZhong Guo Pai Qiu Xie Hui Bian
210    @a北京@c人民体育出版社@d2004
215    @a140页@d20cm
330    @a本书结合大量图表,立足少年儿童年龄特点,介绍了各年龄组教学训练任务,给出训练内容纲要,阐述其考核、选材及青少年排球运动员损伤的预防等内容。
606 0  @a青少年@x排球运动@x运动训练@x教学大纲@y中国
690    @aG842.2@v4
711 02 @a中国排球协会@4编
801    @aCN@bNLC@c20040728
905    @b341767-771@dG842.2@e173@f5
    
    中国青少年排球教学训练大纲/中国排球协会编.-北京:人民体育出版社,2004
    140页;20cm
    
    
    ISBN 7-5009-2590-5:CNY12.00
    本书结合大量图表,立足少年儿童年龄特点,介绍了各年龄组教学训练任务,给出训练内容纲要,阐述其考核、选材及青少年排球运动员损伤的预防等内容。
●
相关链接 在E读中查询图书 在五车中查询图书 在当当中查询图书 在豆瓣中查询图书


正题名:中国青少年排球教学训练大纲     索取号:G842.2/173         预约/预借

序号 登录号 条形码 馆藏地/架位号 状态 备注
1 0341767   203417677   第一样本阅览室/ [索取号:G842.2/173] 在馆    
2 0341768   203417686   密集书库/ [索取号:G842.2/173] 在馆    
3 0341769   203417695   第四借阅区/ [索取号:G842.2/173] 在馆    
4 0341770   203417702   密集书库/ [索取号:G842.2/173] 在馆    
5 0341771   203417711   第四借阅区/ [索取号:G842.2/173] 在馆    
唐山师范学院图书馆 欢迎您!
大连网信软件有限公司© 版权所有